Educación matemática en las americas iii /

Guardado en:
Autor Principal: Unesco
Formato: Libro
Publicado: Uruguay : Unesco, 1973
Materias:
Etiquetas: Agregar Etiqueta
Sin Etiquetas, Sea el primero en etiquetar este registro!
LEADER 00565nam a22001695a 4500
001 CEM.cems006369
005 20060214000000.0
008 130507s1973##################000#0#####d
003 CEMS
082 0 4 |a 510.7 
100 1 |a Unesco 
245 1 0 |a Educación matemática en las americas iii / 
260 |a Uruguay :  |b Unesco,  |c 1973 
300 |a 268 p. 
505 0 |a Para numeros y lineas trigonometricas; Logaritmos de adición y sustracción; Valores naturales de funciónes trigonometricas 
653 |a Matematica 
859 |a CEMS  |b BIB. CEMS - 11 de abril  |h 510.7  |i Un1  |p 11990.83  |t Ej.1